Night

Salvato in:
Dettagli Bibliografici
Autore principale: WIESEL, Elie
Natura: Libro
Lingua:inglese
Pubblicazione: Bantam Books 1982.
Tags: Aggiungi Tag
Nessun Tag, puoi essere il primo ad aggiungerne!!

MARC

LEADER 00000nam a22000007a 4500
008 210506b ||||| |||| 00| 0 eng d
020 |a  0-553-27253-5 
100 |a WIESEL, Elie 
245 |a Night  |c Elie Wiesel  |g  xi, 109p 
260 |b Bantam Books  |c 1982.  |h New York  |i 681765   |l PQ2683.132 .W63  |m Wiesel, Elie, 1928 – 2016 Nuit.  |m Holocaust, Jewish (1939-1945) in literature. 
942 |a lcc  |c BK  |e Adekanye, I. H.  |f 06/05/2021 
952 |0 0  |1 0  |2 lcc  |4 0  |6 PQ2683132 W63  |7 0  |9 2394  |a HOL  |b HOL  |c LP  |d 2021-05-06  |l 0  |o PQ2683.132 .W63  |p 2021-6245  |r 2021-05-06 00:00:00  |w 2021-05-06  |y BK 
999 |c 1240  |d 1240